The Wycliffe historical geography of bible lands / The Moody Bible Institute of Chicago ; Editado por Charles F. Pfeiffer y Howard F. Vos (Registro nro. 44274)
[ vista simple ]
| 000 -LÍDER | |
|---|---|
| Campo fijo de descripción fija | 014050000a22002170004500 |
| 001 - NÚMERO DE CONTROL | |
| Campo de control | 17620 |
| 020 ## - NÚMERO INTERNACIONAL NORMALIZADO PARA LIBROS | |
| Número Internacional Normalizado del libro | 0-8024-9699-7 |
| 041 0# - CÓDIGO DE IDIOMA | |
| Código de idioma para texto/pista de sonido o título separado | |
| 082 04 - NÚMERO DE CLASIFICACIÓN DECIMAL DEWEY | |
| Número de clasificación | R 220.9 W977w |
| 110 1# - ASIENTO PRINCIPAL--NOMBRE CORPORATIVO | |
| Nombre corporativo o de jurisdicción como elemento de entrada | Moody Bible Institute of Chicago |
| 245 10 - TÍTULO | |
| Título del Material | The Wycliffe historical geography of bible lands / The Moody Bible Institute of Chicago ; Editado por Charles F. Pfeiffer y Howard F. Vos |
| 250 ## - MENCIÓN DE EDICIÓN | |
| Mención de edición | Cuarta impresión. |
| 260 ## - PUBLICACIÓN, DISTRIBUCIÓN, ETC. (PIE DE IMPRENTA) | |
| Lugar de publicación, distribución, etc. | Chicago : Moody Press. |
| 300 ## - DESCRIPCIÓN FÍSICA | |
| Extensión | 588 p. |
| 500 ## - NOTA GENERAL | |
| Nota General | Contiene índices y mapas. |
| 505 00 - NOTA DE CONTENIDO | |
| Nota de contenido con formato preestablecido | Mesopotamia -- Egipto -- Palestina -- Fenicia -- Siria -- el Irán bíblico -- Chipre -- Asia el menor -- Grecia -- Italia |
| 650 14 - ASIENTO SECUNDARIO DE MATERIA - TERMINO TEMÁTICO | |
| Término temático o nombre geográfico como elemento de entrada | BIBLIA - GEOGRAFIA \ BIBLIA - HISTORIA \ GEOGRAFIA BIBLICA |
| 700 1# - ASIENTO SECUNDARIO - NOMBRE PERSONAL | |
| Nombre personal | Vos, Howard F. |
| 942 ## - TIPO DE MATERIAL (KOHA) | |
| Tipo de Item KOHA | Libros General |
| Estado de Material | Estado de Perdido | Estado de Dañado | No para Préstamo | Colección | Tomo | Biblioteca de Origen | Biblioteca Permanente | Fecha de Adquisición | Total de Préstamos | Signatura Topográfica | Código de Barras | Última vez visto | Ejemplar/Existencia | Fecha de Remplazo | Tipo de Material |
|---|---|---|---|---|---|---|---|---|---|---|---|---|---|---|---|
| Colección de Referencia | Biblioteca FUSBC | Biblioteca FUSBC | 24/07/2012 | R 220.9 W977w | 17599 | 24/05/2022 | 1 | 26/01/2016 | Libros de Referencia |
